00350nam a2200109 4500245010900000100001600109710001900125260003900144300001900183490002000202082001800222 aTerritorial organisation of Soviet economycby N.Nekrasov ; translated from the Russian by Yuri Sviridov aNekrasov, N aSviridov, Yuri aMoscowbProgress Publisherscc1974 a186p. ; 22cm.- aSocialism today a330.947b NEK